UBT Library

COMPUTERS &INFORMATION SYSTEMS (Record no. 58941)

000 -LEADER
fixed length control field 00338nam a22001457a 4500
008 - FIXED-LENGTH DATA ELEMENTS--GENERAL INFORMATION
fixed length control field 221118b ||||| |||| 00| 0 eng d
020 ## - INTERNATIONAL STANDARD BOOK NUMBER
International Standard Book Number 9780805309737
041 ## - LANGUAGE CODE
Language code of text/sound track or separate title eng
080 ## - UNIVERSAL DECIMAL CLASSIFICATION NUMBER
Edition identifier THIRD EDITION
Universal Decimal Classification number 004
082 ## - DEWEY DECIMAL CLASSIFICATION NUMBER
Classification number 004 PER
100 ## - Rafti
Rafti 18
101 ## - Shkurtesa
Shkurtesa SHKP
245 ## - TITLE STATEMENT
Title COMPUTERS &INFORMATION SYSTEMS
Statement of responsibility, etc PERRON C
942 ## - ADDED ENTRY ELEMENTS (KOHA)
Source of classification or shelving scheme
Item type Books
Holdings
Withdrawn status Lost status Source of classification or shelving scheme Damaged status Not for loan Collection code Permanent location Current location Date acquired Total Checkouts Full call number Barcode Date last seen Price effective from Koha item type
          Koleksioni i përgjithshem UBT - Lipjan UBT - Lipjan 11/18/2022   004 PER 002-800028700260737 11/18/2022 11/18/2022 Books
UBT Library © 2015-2024. All rights reserved University Education for Business and Technology